000 00352nam a2200145Ia 4500
008 230917s9999||||xx |||||||||||||| ||und||
040 _e128419
_aMAIN
041 _aEnglish
082 _a954.03 G939S
100 _aGuha,Ranjit
245 0 _aSmall Voice of History
260 _aChandigarh
_bPermanent Black
_c2009
300 _a666p p.
942 _cBK
999 _c149340
_d149340